[Event "BL 1617 SV Hockenheim - MSA Zugzwang"]
[Site "?"]
[Date "2017.04.09"]
[Round "12.4"]
[White "Moiseenko, Alexander"]
[Black "Hertneck, Gerald"]
[Result "1-0"]
[WhiteElo "2670"]
[BlackElo "2485"]
[PlyCount "147"]
[EventDate "2017.??.??"]

1. d4 Nf6 2. c4 e6 3. Nf3 Bb4+ 4. Nbd2 b6 5. a3 Bxd2+ 6. Qxd2 Bb7 7. e3 d6 8.
Be2 Nbd7 9. O-O a5 10. b3 Qe7 11. Bb2 O-O 12. Rfd1 Rfd8 13. Qc2 h6 14. Nd2 c5
15. f3 cxd4 16. Bxd4 e5 17. Bc3 Nc5 18. b4 axb4 19. axb4 Rxa1 20. Rxa1 Ne6 21.
Nf1 Qc7 22. Qb2 Ra8 23. Rxa8+ Bxa8 24. Qa1 Bc6 25. Ng3 Ne8 26. Nf5 Kh7 27. e4
b5 28. Qa5 Qb7 29. cxb5 Bxe4 30. Ng3 Bd5 31. Be1 Qc8 32. Qa1 Nf4 33. Bf1 Bb7
34. Bf2 Nf6 35. b6 g6 36. b5 h5 37. h4 Kg7 38. Qa3 Qd7 39. Qc3 N6d5 40. Qd2 Nf6
41. Qc3 N4d5 42. Qa3 Nf4 43. Ne2 Ne6 44. Nc1 e4 45. fxe4 Nxe4 46. Qb2+ Kh7 47.
Nb3 Nf4 48. Na5 Qg4 49. Kh2 Qd1 50. Qb3 Qxb3 51. Nxb3 Nxf2 52. Na5 Nd5 53. Nxb7
Ng4+ 54. Kg3 Ne5 55. Nxd6 Nxb6 56. Kf4 f6 57. Ne8 Ned7 58. Bd3 Kh6 59. Be4 g5+
60. Kf5 gxh4 61. Nxf6 Nxf6 62. Kxf6 h3 63. gxh3 Na4 64. Bf3 Nc3 65. b6 Na4 66.
b7 Nc5 67. b8=N Nd3 68. Nc6 Nf4 69. h4 Ng6 70. Be4 Nxh4 71. Ne5 Nf5 72. Bxf5 h4
73. Bg6 h3 74. Nf7# 1-0

[Event "BL 1617 SV Hockenheim - MSA Zugzwang"]
[Site "?"]
[Date "2017.04.09"]
[Round "12.5"]
[White "Schramm, Christian"]
[Black "Baramidze, David"]
[Result "0-1"]
[WhiteElo "2377"]
[BlackElo "2609"]
[PlyCount "108"]
[EventDate "2017.??.??"]

1. e4 c5 2. Nf3 d6 3. d4 cxd4 4. Nxd4 Nf6 5. Nc3 a6 6. Be2 e5 7. Nb3 Be7 8. f4
b5 9. fxe5 dxe5 10. Qxd8+ Bxd8 11. Be3 Nbd7 12. O-O-O Bb7 13. Nd5 Rc8 14. Rhe1
O-O 15. g4 Re8 16. g5 Nxd5 17. exd5 f5 18. gxf6 Nxf6 19. Nc5 Bxd5 20. Nxa6 Bc4
21. Nc5 e4 22. Bxc4+ bxc4 23. Bd4 Bc7 24. h3 Bf4+ 25. Kb1 e3 26. Re2 Nh5 27. c3
Ng3 28. Rg2 e2 29. Re1 Bd2 30. Rxg3 Rxc5 31. Rxg7+ Kf8 32. Rgg1 Rh5 33. Kc2
Bxe1 34. Rxe1 Rxh3 35. b3 h5 36. bxc4 Rf3 37. Kd2 h4 38. Rxe2 h3 39. Rh2 Kf7
40. a4 Kg6 41. a5 Kf5 42. a6 Re6 43. a7 Ra6 44. Kc2 Kg4 45. Re2 Rf8 46. Re7 h2
47. Rh7 Ra1 48. Be5 h1=Q 49. Rxh1 Rxh1 50. Bb8 Ra1 51. Kb2 Rff1 52. c5 Kf5 53.
Kb3 Ke6 54. c6 Ke7 0-1

[Event "BL 1617 SV Hockenheim - MSA Zugzwang"]
[Site "?"]
[Date "2017.04.09"]
[Round "12.6"]
[White "Braun, Arik"]
[Black "Gerigk, Erasmus"]
[Result "1-0"]
[WhiteElo "2581"]
[BlackElo "2342"]
[PlyCount "53"]
[EventDate "2017.??.??"]

1. d4 g6 2. e4 Bg7 3. Nf3 d6 4. Nc3 a6 5. Be2 Nd7 6. O-O e6 7. a4 b6 8. Re1 Ne7
9. Be3 h6 10. Qd2 Bb7 11. d5 e5 12. Nh4 Bf6 13. g3 Bxh4 14. gxh4 Ng8 15. h5
gxh5 16. Kh1 Qh4 17. Rg1 Nf8 18. f4 exf4 19. Bf2 Qh3 20. Bd4 f6 21. Qxf4 O-O-O
22. Rg7 Kb8 23. Rag1 Nh7 24. R1g3 Qc8 25. Bxh5 Rf8 26. Bxb6 Ng5 27. Bxc7+ 1-0

[Event "BL 1617 SV Hockenheim - MSA Zugzwang"]
[Site "?"]
[Date "2017.04.09"]
[Round "12.7"]
[White "Eichler, Christoph"]
[Black "Rau, Hannes"]
[Result "1/2-1/2"]
[WhiteElo "2304"]
[BlackElo "2473"]
[PlyCount "104"]
[EventDate "2017.??.??"]

1. e4 c5 2. Nf3 Nc6 3. Bb5 Qc7 4. O-O e6 5. Re1 Nge7 6. c3 a6 7. Bxc6 bxc6 8.
d4 Ng6 9. Be3 cxd4 10. cxd4 Be7 11. Nc3 O-O 12. Rc1 Rb8 13. Qc2 a5 14. Red1 Ba6
15. d5 cxd5 16. Nxd5 Qxc2 17. Nxe7+ Nxe7 18. Rxc2 d5 19. exd5 Nxd5 20. Bd4 Nb4
21. Rc5 Be2 22. Rd2 Bxf3 23. gxf3 Nxa2 24. Rxa5 Nc1 25. Be5 Nb3 26. Bxb8 Nxd2
27. Bd6 Nc4 28. Bxf8 Nxa5 29. Bb4 Nb3 30. Kg2 f6 31. Kg3 Kf7 32. Kf4 e5+ 33.
Ke4 Ke6 34. f4 f5+ 35. Ke3 e4 36. Bc3 g6 37. f3 Kd5 38. fxe4+ fxe4 39. h4 h5
40. Bg7 Na5 41. f5 gxf5 42. Kf4 Nb3 43. Bh6 Nd4 44. b4 Kc4 45. Ke5 Kd3 46. b5
f4 47. Bxf4 Nxb5 48. Kf5 Nd4+ 49. Kg6 Ke2 50. Kxh5 Kf3 51. Bc1 Kg3 52. Kg5 Nf3+
1/2-1/2

[Event "BL 1617 SV Hockenheim - MSA Zugzwang"]
[Site "?"]
[Date "2017.04.09"]
[Round "12.8"]
[White "Boguslawski, Oleg"]
[Black "Lammers, Markus"]
[Result "1-0"]
[WhiteElo "2424"]
[BlackElo "2309"]
[PlyCount "77"]
[EventDate "2017.??.??"]

1. e4 e5 2. Nf3 Nc6 3. Nc3 g6 4. d4 exd4 5. Nxd4 Bg7 6. Be3 Nge7 7. Qd2 O-O 8.
O-O-O d6 9. h4 Nxd4 10. Bxd4 Bxd4 11. Qxd4 Be6 12. h5 Nc6 13. Qd2 g5 14. h6 Ne5
15. Rh5 f6 16. Be2 Kh8 17. f3 Qe8 18. Rhh1 Qg6 19. g3 f5 20. f4 gxf4 21. gxf4
Nc6 22. Rdg1 Qf6 23. Rg7 fxe4 24. Nxe4 Qxf4 25. Qxf4 Rxf4 26. Ng5 Bg8 27. Bd3
Ne5 28. Bxh7 Bd5 29. Rd1 c6 30. Rxb7 Rf6 31. Be4 Rxh6 32. Bxd5 cxd5 33. Rxd5
Rg8 34. Nf7+ Nxf7 35. Rxf7 Rg1+ 36. Rd1 Rxd1+ 37. Kxd1 a5 38. a4 Kg8 39. Rf5
1-0

[Event "BL 1617 SV Griesheim - Bayern München"]
[Site "?"]
[Date "2017.04.09"]
[Round "12.1"]
[White "Bezold, Michael"]
[Black "Georgiadis, Nicolas"]
[Result "0-1"]
[WhiteElo "2500"]
[BlackElo "2478"]
[PlyCount "54"]
[EventDate "2017.??.??"]

1. c4 f5 2. Nc3 Nf6 3. Nf3 g6 4. g3 Bg7 5. Bg2 O-O 6. O-O d6 7. d3 Nc6 8. Rb1
a5 9. a3 Nh5 10. Bd2 f4 11. b4 axb4 12. axb4 Bg4 13. Nd5 fxg3 14. hxg3 Qd7 15.
b5 Nd4 16. Nxd4 Bxd4 17. Be3 e5 18. Qd2 Bh3 19. Bxd4 exd4 20. e3 Bxg2 21. Kxg2
Qg4 22. Rbe1 Rf3 23. exd4 Raf8 24. Ne3 Nf4+ 25. Kg1 Qh5 26. Nd1 Qh3 27. Ne3 Rf5
0-1

[Event "BL 1617 SV Griesheim - Bayern München"]
[Site "?"]
[Date "2017.04.09"]
[Round "12.2"]
[White "Krassowizkij, Jaroslaw"]
[Black "Bischoff, Klaus"]
[Result "0-1"]
[WhiteElo "2453"]
[BlackElo "2500"]
[PlyCount "74"]
[EventDate "2017.??.??"]

1. g3 d5 2. Nf3 Nf6 3. Bg2 e6 4. O-O Be7 5. c4 O-O 6. b3 b6 7. Bb2 Bb7 8. e3 c5
9. Nc3 Nbd7 10. Qe2 Qc7 11. d3 Rad8 12. e4 d4 13. Nd1 g6 14. Bc1 Nh5 15. Bh6
Rfe8 16. Ng5 e5 17. f4 exf4 18. g4 Ng7 19. Nh3 Ne6 20. Nxf4 Nxf4 21. Bxf4 Bd6
22. Bxd6 Qxd6 23. g5 Qe7 24. Qg4 Ne5 25. Qg3 Kg7 26. Nf2 Bc8 27. Kh1 Rh8 28.
Bh3 h6 29. Bxc8 Rxc8 30. gxh6+ Rxh6 31. Rg1 Rch8 32. Rg2 Rh4 33. Rf1 Qf6 34.
Rd1 Rf4 35. Rd2 Rh5 36. h3 Rf3 37. Qh2 Nxd3 0-1

[Event "BL 1617 SV Griesheim - Bayern München"]
[Site "?"]
[Date "2017.04.09"]
[Round "12.3"]
[White "Fedorovsky, Michael"]
[Black "Grabarczyk, Miroslaw"]
[Result "1/2-1/2"]
[WhiteElo "2490"]
[BlackElo "2435"]
[PlyCount "44"]
[EventDate "2017.??.??"]

1. d4 d5 2. c4 e6 3. Nc3 Nf6 4. cxd5 exd5 5. Bg5 c6 6. e3 Bf5 7. Qf3 Bg6 8.
Bxf6 Qxf6 9. Qxf6 gxf6 10. Nf3 Nd7 11. Nh4 Be7 12. Ne2 f5 13. g3 Nf8 14. Nf4
Bxh4 15. gxh4 Ne6 16. Be2 Nxf4 17. exf4 f6 18. Rg1 Rg8 19. Kd2 Kf8 20. Rg3 Be8
21. Bd3 Bd7 22. Re1 Kf7 1/2-1/2

[Event "BL 1617 SV Griesheim - Bayern München"]
[Site "?"]
[Date "2017.04.09"]
[Round "12.4"]
[White "Jarmula, Lukasz"]
[Black "Johansson, Linus"]
[Result "0-1"]
[WhiteElo "2484"]
[BlackElo "2428"]
[PlyCount "90"]
[EventDate "2017.??.??"]

1. e4 e6 2. d4 d5 3. Nc3 Nf6 4. e5 Nfd7 5. f4 c5 6. Nf3 Nc6 7. Be3 Be7 8. Qd2
b6 9. Nd1 cxd4 10. Nxd4 Nxd4 11. Bxd4 Nc5 12. Nf2 Qc7 13. O-O-O Bb7 14. g4
O-O-O 15. Bg2 Kb8 16. Kb1 Rc8 17. c3 h5 18. h3 Rh7 19. Qc2 Rch8 20. f5 hxg4 21.
Nxg4 Ne4 22. fxe6 fxe6 23. Rhf1 Ba6 24. Rfe1 Ng5 25. Ne3 Nxh3 26. Bxd5 Bh4 27.
Be4 Rh5 28. Bf3 Bxe1 29. Bxh5 Nf2 30. Rxe1 Bd3 31. Be2 Bxc2+ 32. Nxc2 Ne4 33.
Nb4 Qf7 34. Nc6+ Kb7 35. Nb4 Ng3 36. Bb5 a5 37. Nc6 Qf5+ 38. Ka1 Qe4 39. Rd1
Qf3 40. Rb1 Rh1 41. Bg1 Qg2 42. Nd8+ Kc8 43. Bxb6 Rxb1+ 44. Kxb1 Qe4+ 45. Kc1
Ne2+ 0-1

[Event "BL 1617 SV Griesheim - Bayern München"]
[Site "?"]
[Date "2017.04.09"]
[Round "12.5"]
[White "Lindgren, Philip"]
[Black "Walter, Stefan"]
[Result "1/2-1/2"]
[WhiteElo "2427"]
[BlackElo "2416"]
[PlyCount "104"]
[EventDate "2017.??.??"]

1. d4 d5 2. c4 e6 3. Nf3 Nf6 4. g3 Bb4+ 5. Bd2 Bd6 6. Nc3 c6 7. Qc2 Nbd7 8. e4
dxe4 9. Nxe4 Nxe4 10. Qxe4 Qe7 11. Bg2 O-O 12. O-O Rd8 13. Rfe1 Nf6 14. Qc2 Bb4
15. Rad1 Bxd2 16. Rxd2 Qb4 17. a3 Qa5 18. Rd3 Bd7 19. Red1 Be8 20. Ne5 Nd7 21.
b4 Qc7 22. Qe2 Nxe5 23. dxe5 Rxd3 24. Rxd3 Rd8 25. Rxd8 Qxd8 26. Qe3 Qd1+ 27.
Bf1 b6 28. c5 b5 29. Kg2 Qd5+ 30. Kg1 Qd1 31. h4 Kf8 32. Kg2 Qd7 33. Be2 Kg8
34. Bf3 Qd8 35. Be4 Qd7 36. Bf3 Qd8 37. Qc3 Qd7 38. Kf1 Qd8 39. Ke2 Qd7 40. Ke3
Qd8 41. Qa1 a6 42. Be4 h6 43. f4 Kf8 44. Bf3 Qd7 45. Qb1 Kg8 46. Qc2 Qd8 47.
Qc3 Qd7 48. Qa1 Qd8 49. Qh1 Qd7 50. g4 a5 51. Qd1 Qxd1 52. Bxd1 axb4 1/2-1/2

[Event "BL 1617 SV Griesheim - Bayern München"]
[Site "?"]
[Date "2017.04.09"]
[Round "12.6"]
[White "Baskin, Robert"]
[Black "Schenk, Andreas"]
[Result "1/2-1/2"]
[WhiteElo "2348"]
[BlackElo "2453"]
[PlyCount "28"]
[EventDate "2017.??.??"]

1. e4 c5 2. Nf3 d6 3. d4 cxd4 4. Nxd4 Nf6 5. Nc3 a6 6. Bg5 e6 7. f4 Qb6 8. Qd2
Nc6 9. Bxf6 gxf6 10. Nb3 Bd7 11. O-O-O Na5 12. Nd4 Nc6 13. Nb3 Na5 14. Nd4 Nc6
1/2-1/2

[Event "BL 1617 SV Griesheim - Bayern München"]
[Site "?"]
[Date "2017.04.09"]
[Round "12.7"]
[White "Belezky, Alexander"]
[Black "Grimm, Julius"]
[Result "0-1"]
[WhiteElo "2398"]
[BlackElo "2281"]
[PlyCount "64"]
[EventDate "2017.??.??"]

1. g3 d5 2. Bg2 Nf6 3. d3 e5 4. c4 d4 5. Nf3 Nc6 6. O-O a5 7. Bg5 Be7 8. Bxf6
Bxf6 9. Na3 O-O 10. Nc2 Bf5 11. Nd2 Qd7 12. b3 Be7 13. a3 Bh3 14. Qb1 Bxg2 15.
Kxg2 f5 16. Qb2 Bf6 17. f3 Bg5 18. Rfd1 e4 19. f4 Bf6 20. b4 Rae8 21. Re1 g5
22. fxg5 Bxg5 23. Nb3 f4 24. dxe4 fxg3 25. hxg3 Rxe4 26. Nc5 Qf5 27. Nxe4 Qxe4+
28. Kg1 Be3+ 29. Nxe3 Qxe3+ 30. Kh1 Rf2 31. Qc1 Qe4+ 32. Kg1 Qg2# 0-1

[Event "BL 1617 SV Griesheim - Bayern München"]
[Site "?"]
[Date "2017.04.09"]
[Round "12.8"]
[White "Grabarczyk, Bogdan"]
[Black "Unzicker, Ferdinand"]
[Result "0-1"]
[WhiteElo "2397"]
[BlackElo "2288"]
[PlyCount "48"]
[EventDate "2017.??.??"]

1. e4 c5 2. Nf3 Nc6 3. d4 cxd4 4. Nxd4 Nf6 5. Nc3 d6 6. Bg5 e6 7. Qd3 Be7 8.
O-O-O O-O 9. f4 h6 10. Bh4 e5 11. Nxc6 bxc6 12. f5 Rb8 13. Be2 d5 14. Bxf6 Bxf6
15. b3 Qa5 16. exd5 Qa3+ 17. Kd2 Rb4 18. Ke1 Rd4 19. Qf3 Qa5 20. Qe3 cxd5 21.
b4 Qxb4 22. Rb1 Qa5 23. Rb5 Qd8 24. g3 Bg5 0-1

[Event "BL 1617 SG Solingen - SG Trier"]
[Site "?"]
[Date "2017.04.09"]
[Round "12.1"]
[White "Lupulescu, Constantin"]
[Black "Giri, Anish"]
[Result "1/2-1/2"]
[WhiteElo "2616"]
[BlackElo "2771"]
[PlyCount "191"]
[EventDate "2017.??.??"]

1. d4 f5 2. Nf3 Nf6 3. c4 e6 4. g3 d5 5. Bg2 Bd6 6. O-O O-O 7. Qc2 c6 8. Ne1 b6
9. Nd3 Ba6 10. b3 Nbd7 11. Bf4 Qe7 12. Nd2 Rac8 13. a4 c5 14. a5 b5 15. b4 Bxf4
16. gxf4 dxc4 17. Nxc5 Nxc5 18. dxc5 Bb7 19. Bxb7 Qxb7 20. Nf3 Nh5 21. Qd2 Qe4
22. Ng5 Qxf4 23. Qe3 Rf6 24. Nf3 Qg4+ 25. Kh1 Nf4 26. Rg1 Nd5 27. Qe5 Qe4 28.
a6 c3 29. Rad1 Rg6 30. Rxg6 hxg6 31. Rc1 Nxb4 32. Rxc3 Nxa6 33. Qd6 Qc6 34. Qg3
b4 35. Rc1 e5 36. Kg1 Qe4 37. Nxe5 Rxc5 38. Qb3+ Qd5 39. Qxd5+ Rxd5 40. Rc8+
Kh7 41. Nf7 g5 42. Rc6 f4 43. Rxa6 b3 44. Rxa7 b2 45. Rb7 Rd1+ 46. Kg2 b1=Q 47.
Nxg5+ Kg6 48. Rxb1 Rxb1 49. Nf3 Rb2 50. Kf1 Kf5 51. h3 Ke4 52. Ng5+ Kd5 53. Nf3
Rb6 54. Kg2 Rg6+ 55. Kf1 Re6 56. Ne1 Rh6 57. Kg2 Ke4 58. Nf3 Rg6+ 59. Kf1 Ra6
60. Kg2 Ra3 61. Ng5+ Kd5 62. Nf3 Ra2 63. Kf1 Kc4 64. Ng5 Kd4 65. Ne6+ Ke5 66.
Ng5 Kf5 67. Nf3 Ke4 68. Ng5+ Ke5 69. Nf3+ Kd5 70. Ng5 Ra6 71. Nf3 Kc4 72. Nd2+
Kc3 73. Ne4+ Kd4 74. Ng5 Rg6 75. Nf3+ Kc3 76. Ne5 Rg5 77. Nf3 Rg6 78. Ne5 Rh6
79. Kg2 Kd2 80. e3 fxe3 81. Nc4+ Ke2 82. Nxe3 Rf6 83. Ng4 Rf3 84. h4 g6 85. Kh2
Kf1 86. Ne5 Rxf2+ 87. Kg3 Rf6 88. Kg4 Ke2 89. Kg5 Rf5+ 90. Kxg6 Rxe5 91. h5 Kf3
92. h6 Kg4 93. h7 Re8 94. Kg7 Kg5 95. h8=Q Rxh8 96. Kxh8 1/2-1/2

[Event "BL 1617 SG Solingen - SG Trier"]
[Site "?"]
[Date "2017.04.09"]
[Round "12.2"]
[White "Ragger, Markus"]
[Black "Parligras, Mircea-Emilian"]
[Result "1-0"]
[WhiteElo "2677"]
[BlackElo "2605"]
[PlyCount "113"]
[EventDate "2017.??.??"]

1. d4 Nf6 2. c4 e6 3. Nc3 Bb4 4. e3 O-O 5. Bd3 d5 6. cxd5 exd5 7. Nge2 Re8 8.
Bd2 b6 9. Rc1 Bb7 10. Nb5 Bxd2+ 11. Qxd2 c6 12. Nbc3 Ba6 13. Bc2 Qd6 14. h3
Nbd7 15. O-O Nf8 16. Rfe1 Ng6 17. Ng3 Rad8 18. Bb3 Nh4 19. e4 dxe4 20. Ncxe4
Nxe4 21. Nxe4 Qg6 22. Qg5 Nf5 23. Qxg6 hxg6 24. Ng5 Rf8 25. Rxc6 Rd7 26. Nxf7
Rfxf7 27. Re8+ Kh7 28. Bxf7 Rxf7 29. Rd8 Re7 30. Rc2 Bb5 31. d5 Re1+ 32. Kh2
Rd1 33. Rc7 a6 34. Rf7 Nh6 35. Rb7 Rd2 36. Rbb8 g5 37. Rh8+ Kg6 38. Rxb6+ Kf7
39. Rc8 Rxf2 40. Rc7+ Kg8 41. d6 Kh7 42. a4 Bxa4 43. Rxa6 Bb3 44. d7 Rd2 45.
Rb6 Ba2 46. Ra7 Bb1 47. Rb8 Be4 48. Kg1 Nf5 49. d8=Q Rxg2+ 50. Kf1 Ne3+ 51. Ke1
Nc2+ 52. Kd1 Ne3+ 53. Kc1 Rc2+ 54. Kb1 Rc7+ 55. Ka2 Bd5+ 56. b3 Rxa7+ 57. Kb2
1-0

[Event "BL 1617 SG Solingen - SG Trier"]
[Site "?"]
[Date "2017.04.09"]
[Round "12.3"]
[White "Goloshchapov, Aleksander"]
[Black "Predojevic, Borki"]
[Result "1/2-1/2"]
[WhiteElo "2585"]
[BlackElo "2616"]
[PlyCount "40"]
[EventDate "2017.??.??"]

1. d4 Nf6 2. c4 e6 3. Nf3 d5 4. g3 Bb4+ 5. Bd2 Be7 6. Bg2 O-O 7. O-O Nbd7 8.
Qc2 c6 9. Bf4 b6 10. Rd1 Ba6 11. cxd5 cxd5 12. Ne5 Nxe5 13. dxe5 Ng4 14. Bf3 f5
15. exf6 Nxf6 16. Nc3 Qe8 17. Rac1 Rc8 18. Qa4 Qxa4 19. Nxa4 Kf7 20. Nc3 Rfd8
1/2-1/2

[Event "BL 1617 SG Solingen - SG Trier"]
[Site "?"]
[Date "2017.04.09"]
[Round "12.4"]
[White "Smeets, Jan"]
[Black "Bobras, Piotr"]
[Result "1-0"]
[WhiteElo "2603"]
[BlackElo "2522"]
[PlyCount "81"]
[EventDate "2017.??.??"]

1. e4 c5 2. Nf3 Nc6 3. Bb5 d6 4. O-O Bd7 5. Re1 Nf6 6. c3 a6 7. Bf1 Bg4 8. h3
Bxf3 9. Qxf3 e6 10. Qg3 g6 11. d3 Bg7 12. Bg5 Nh5 13. Qg4 Qb6 14. Na3 O-O 15.
Rab1 Qc7 16. Nc2 h6 17. Be3 Kh7 18. Qd1 Nf6 19. g3 c4 20. dxc4 Nxe4 21. Bf4 f5
22. Rxe4 e5 23. Re1 exf4 24. gxf4 Rae8 25. Ne3 Nb8 26. Qd5 Nd7 27. Rbd1 Rf6 28.
Bg2 Nc5 29. Nc2 Rfe6 30. Re3 Rxe3 31. Nxe3 Ne6 32. Qxd6 Qxd6 33. Rxd6 Nxf4 34.
Rb6 Ne2+ 35. Kf1 Nc1 36. Rxb7 Nd3 37. Bc6 Re5 38. b4 f4 39. Nc2 Nc1 40. a4 Nb3
41. Rd7 1-0

[Event "BL 1617 SG Solingen - SG Trier"]
[Site "?"]
[Date "2017.04.09"]
[Round "12.5"]
[White "Cyborowski, Lukasz"]
[Black "L'Ami, Erwin"]
[Result "1/2-1/2"]
[WhiteElo "2532"]
[BlackElo "2614"]
[PlyCount "53"]
[EventDate "2017.??.??"]

1. Nf3 Nf6 2. c4 e6 3. Nc3 d5 4. d4 Nbd7 5. Bf4 dxc4 6. e3 Nb6 7. Bxc4 Nxc4 8.
Qa4+ c6 9. Qxc4 Nd5 10. Bg3 Qb6 11. Qe2 Bb4 12. Rc1 Qb5 13. Ne5 Qxe2+ 14. Kxe2
Nxc3+ 15. bxc3 Be7 16. Rb1 f6 17. Nd3 b6 18. c4 Ba6 19. Rhc1 Kf7 20. f3 Rhd8
21. Nb4 Bb7 22. Nd3 Rd7 23. Bf2 Rad8 24. Rb3 Ba6 25. Nb4 Bb7 26. Nd3 Ba6 27.
Nb4 1/2-1/2

[Event "BL 1617 SG Solingen - SG Trier"]
[Site "?"]
[Date "2017.04.09"]
[Round "12.6"]
[White "Nikolic, Predrag"]
[Black "Jaracz, Pawel"]
[Result "1/2-1/2"]
[WhiteElo "2575"]
[BlackElo "2469"]
[PlyCount "58"]
[EventDate "2017.??.??"]

1. d4 d5 2. c4 c6 3. Nc3 Nf6 4. e3 e6 5. Nf3 a6 6. a3 Nbd7 7. Be2 Bd6 8. c5 Bc7
9. b4 e5 10. Bb2 O-O 11. Qc2 Re8 12. h3 exd4 13. Nxd4 Ne5 14. O-O-O Ng6 15. g4
Qe7 16. Na4 Bd7 17. Kb1 Ne4 18. Bd3 Qh4 19. Nf5 Bxf5 20. gxf5 Nxf2 21. fxg6
hxg6 22. Bc1 Be5 23. Rdf1 Nxh1 24. Rxh1 Bf6 25. Nb2 Re7 26. Qg2 Bg5 27. Nd1
Rae8 28. Rg1 Bh6 29. Qf3 Re6 1/2-1/2

[Event "BL 1617 SG Solingen - SG Trier"]
[Site "?"]
[Date "2017.04.09"]
[Round "12.7"]
[White "Kolbus, Dietmar"]
[Black "Schaefer, Markus"]
[Result "1/2-1/2"]
[WhiteElo "2308"]
[BlackElo "2403"]
[PlyCount "62"]
[EventDate "2017.??.??"]

1. c4 c6 2. Nf3 d5 3. e3 Nf6 4. b3 g6 5. Bb2 Bg7 6. Be2 O-O 7. O-O Nbd7 8. cxd5
cxd5 9. d4 Ne4 10. Nc3 Nxc3 11. Bxc3 Nf6 12. Bb4 Bg4 13. Rc1 Bxf3 14. Bxf3 Qd7
15. Qd3 Rfc8 16. Ba3 e6 17. Rxc8+ Rxc8 18. Rc1 Bf8 19. Rxc8 Qxc8 20. Bb2 Qc6
21. Be2 Bd6 22. Qc3 Qxc3 23. Bxc3 Ne4 24. Be1 f5 25. f3 Nf6 26. Bh4 Kf7 27. Bg5
Nd7 28. Bd3 Nb8 29. f4 Nd7 30. h3 Nf6 31. Bxf6 Kxf6 1/2-1/2

[Event "BL 1617 SG Solingen - SG Trier"]
[Site "?"]
[Date "2017.04.09"]
[Round "12.8"]
[White "Schroeder, Kevin"]
[Black "Cioara, Andrei-Nestor"]
[Result "1/2-1/2"]
[WhiteElo "2347"]
[BlackElo "2443"]
[PlyCount "46"]
[EventDate "2017.??.??"]

1. d4 e6 2. Nf3 c5 3. g3 Nf6 4. Bg2 d5 5. O-O b5 6. b3 Bb7 7. c4 dxc4 8. bxc4
b4 9. Bf4 Nbd7 10. Qa4 cxd4 11. Nxd4 Bxg2 12. Kxg2 Bc5 13. Nc6 Qb6 14. a3 b3
15. Nd2 b2 16. Rad1 O-O 17. Qb5 Rfc8 18. Ne5 Nxe5 19. Qxb6 axb6 20. Bxe5 Bxa3
21. Rb1 Bb4 22. Rfd1 Bxd2 23. Rxd2 Rxc4 1/2-1/2

[Event "BL 1617 SV Mülheim Nord - DJK Aachen"]
[Site "?"]
[Date "2017.04.09"]
[Round "12.1"]
[White "Granda Zuniga, Julio Ernesto"]
[Black "Fridman, Daniel"]
[Result "1/2-1/2"]
[WhiteElo "2658"]
[BlackElo "2597"]
[PlyCount "140"]
[EventDate "2017.??.??"]

1. g3 d5 2. Bg2 g6 3. d3 Bg7 4. Nd2 Nf6 5. e4 Nc6 6. Ngf3 e5 7. O-O O-O 8. c3
a5 9. Qc2 h6 10. b3 Be6 11. Bb2 Qd7 12. Rfe1 Bh3 13. a3 Bxg2 14. Kxg2 dxe4 15.
dxe4 Qe6 16. b4 b6 17. Nf1 Rfd8 18. Ne3 Bf8 19. b5 Nb8 20. c4 Nbd7 21. Nd5 Rac8
22. Rad1 Bd6 23. Qd2 Kh7 24. Bc1 Bf8 25. Qc3 Re8 26. Bb2 Bg7 27. Qd3 Nc5 28.
Qc2 Nfd7 29. Qe2 c6 30. Nc3 Nf6 31. bxc6 Rxc6 32. Rd5 Nh5 33. Nb5 Qg4 34. Kh1
Nd7 35. Qd3 Rf6 36. Re3 Nc5 37. Qe2 Nxe4 38. Rxe5 Rxe5 39. Bxe5 Rf5 40. Nbd4
Rxe5 41. Nxe5 Nxf2+ 42. Qxf2 Qxd4 43. Nxf7 Qxc4 44. Ne5 Qc5 45. Qe2 b5 46. Kg2
b4 47. axb4 axb4 48. Nd3 Qb5 49. Re7 b3 50. g4 b2 51. Qxb2 Qxd3 52. Qf2 Qd5+
53. Kh3 Qd6 54. gxh5 Qxe7 55. hxg6+ Kxg6 56. Qc2+ Kf7 57. Qc4+ Kg6 58. Qc2+ Kf6
59. Qb2+ Kf5 60. Qc2+ Ke6 61. Qa2+ Ke5 62. Qe2+ Kd6 63. Qxe7+ Kxe7 64. Kg2 Kf6
65. h4 h5 66. Kh1 Kf5 67. Kg2 Kg4 68. Kh1 Kh3 69. Kg1 Bd4+ 70. Kh1 Be3 1/2-1/2

[Event "BL 1617 SV Mülheim Nord - DJK Aachen"]
[Site "?"]
[Date "2017.04.09"]
[Round "12.2"]
[White "Landa, Konstantin"]
[Black "van Foreest, Jorden"]
[Result "1-0"]
[WhiteElo "2611"]
[BlackElo "2584"]
[PlyCount "93"]
[EventDate "2017.??.??"]

1. d4 d5 2. c4 c6 3. Nf3 Nf6 4. g3 dxc4 5. Bg2 e6 6. Ne5 b5 7. Nxc6 Qb6 8. Nxb8
Bb7 9. Bxb7 Qxb7 10. O-O Rxb8 11. b3 cxb3 12. axb3 Rc8 13. Qd3 a6 14. Bb2 Be7
15. Nd2 O-O 16. e4 Bb4 17. f3 Rfd8 18. Rfc1 Bc5 19. e5 Ne8 20. Ne4 Be7 21. Rxc8
Rxc8 22. Ba3 b4 23. Bb2 Nc7 24. Nc5 Bxc5 25. dxc5 Qc6 26. Kg2 h6 27. Qd6 Qb5
28. Bd4 a5 29. Bf2 Nd5 30. Kg1 Kh7 31. f4 Kg6 32. h3 h5 33. h4 Kf5 34. Rd1 Qb7
35. Kh2 Kg4 36. Rd3 g6 37. Rd2 Kf3 38. Bg1 Qb5 39. Rf2+ Kg4 40. f5 Qd3 41. fxe6
Qxg3+ 42. Kh1 Qh3+ 43. Bh2 Qxb3 44. exf7 Qb1+ 45. Bg1 Qe4+ 46. Rg2+ Kxh4 47.
Bf2+ 1-0

[Event "BL 1617 SV Mülheim Nord - DJK Aachen"]
[Site "?"]
[Date "2017.04.09"]
[Round "12.3"]
[White "Donchenko, Alexander"]
[Black "Berelowitsch, Alexander"]
[Result "1/2-1/2"]
[WhiteElo "2554"]
[BlackElo "2529"]
[PlyCount "103"]
[EventDate "2017.??.??"]

1. d4 f5 2. g3 Nf6 3. Bg2 g6 4. c4 Bg7 5. Nc3 d6 6. Nf3 O-O 7. O-O Qe8 8. Re1
e5 9. dxe5 dxe5 10. e4 Nc6 11. h3 fxe4 12. Ng5 Nd4 13. Be3 Bf5 14. g4 h6 15.
Ngxe4 Bxe4 16. Nxe4 Nxe4 17. Bxd4 Rd8 18. Bxe4 Rxd4 19. Qc2 Qd8 20. Rad1 Qh4
21. Kg2 h5 22. f3 c6 23. b3 Bh6 24. Qf2 Qxf2+ 25. Kxf2 Bg5 26. Ke2 hxg4 27.
hxg4 Kg7 28. Rxd4 exd4 29. Rh1 a5 30. Kd3 Be3 31. c5 Ra8 32. a3 Rb8 33. Kc4 Rd8
34. Kd3 Rb8 35. Kc4 Rd8 36. b4 axb4 37. axb4 Ra8 38. Kb3 Ra7 39. Rd1 Ra8 40.
Rh1 Ra7 41. Rd1 Ra8 42. Rb1 Kf6 43. Rh1 Kg7 44. Rh2 Ra1 45. Ra2 Rxa2 46. Kxa2
Kf6 47. Kb3 g5 48. Bf5 Ke7 49. Bc8 d3 50. Bxb7 d2 51. Kc2 Kd7 52. Ba6 1/2-1/2

[Event "BL 1617 SV Mülheim Nord - DJK Aachen"]
[Site "?"]
[Date "2017.04.09"]
[Round "12.4"]
[White "Feygin, Michael"]
[Black "Nijboer, Friso"]
[Result "1/2-1/2"]
[WhiteElo "2480"]
[BlackElo "2535"]
[PlyCount "35"]
[EventDate "2017.??.??"]

1. e4 c5 2. Nf3 Nc6 3. d4 cxd4 4. Nxd4 Nf6 5. Nc3 d6 6. Be3 Ng4 7. Bb5 Nxe3 8.
fxe3 Bd7 9. Bxc6 bxc6 10. O-O e6 11. Qf3 Qf6 12. Qe2 Qg5 13. Rf3 Be7 14. Rg3
Qh6 15. Rh3 Qg6 16. Rg3 Qh6 17. Rh3 Qg6 18. Rg3 1/2-1/2

[Event "BL 1617 SV Mülheim Nord - DJK Aachen"]
[Site "?"]
[Date "2017.04.09"]
[Round "12.5"]
[White "Dambacher, Martijn"]
[Black "Zelbel, Patrick"]
[Result "0-1"]
[WhiteElo "2466"]
[BlackElo "2429"]
[PlyCount "78"]
[EventDate "2017.??.??"]

1. d4 g6 2. c4 Bg7 3. e4 c5 4. d5 d6 5. Nf3 e6 6. Bd3 Ne7 7. Nc3 a6 8. h3 Nd7
9. Bf4 Qb6 10. Qb3 Qxb3 11. axb3 e5 12. Bd2 Rb8 13. g4 h6 14. Ke2 b6 15. Ne1
Nf8 16. Nc2 g5 17. b4 Neg6 18. Be3 Nf4+ 19. Kd2 h5 20. Be2 Bf6 21. gxh5 Nxe2
22. Nxe2 Rxh5 23. Ng3 Rh4 24. b3 Bd8 25. Nf5 Bxf5 26. exf5 a5 27. bxc5 bxc5 28.
Ra3 g4 29. Ne1 Nd7 30. f3 Rxh3 31. Rf1 g3 32. Rg1 a4 33. bxa4 Ba5+ 34. Kd3 Rb2
35. Rg2 Rb1 36. Nc2 Rh2 37. Rg1 e4+ 38. Kxe4 Rxg1 39. Bxg1 Rxc2 0-1

[Event "BL 1617 SV Mülheim Nord - DJK Aachen"]
[Site "?"]
[Date "2017.04.09"]
[Round "12.6"]
[White "Hausrath, Daniel"]
[Black "Hoffmann, Michael"]
[Result "1/2-1/2"]
[WhiteElo "2480"]
[BlackElo "2457"]
[PlyCount "40"]
[EventDate "2017.??.??"]

1. Nf3 c5 2. b3 Nc6 3. Bb2 d6 4. c4 e5 5. Nc3 g6 6. g3 Bg7 7. d3 Nge7 8. Bg2 h6
9. Nd2 O-O 10. a3 Be6 11. Nd5 Qd7 12. O-O Bh3 13. Ne4 Nxd5 14. Bxh3 Qxh3 15.
cxd5 Ne7 16. Nxd6 Qd7 17. Ne4 Qxd5 18. Qc2 b6 19. b4 cxb4 20. axb4 Nc6 1/2-1/2